[Event "Hannover Bezirks-ch C"]
[Site "Lehrte"]
[Date "2019.10.05"]
[Round "6.2"]
[White "Schons, Lucca"]
[Black "Stephan, Julius"]
[Result "0-1"]
[WhiteElo "1253"]
[BlackElo "1348"]
[PlyCount "70"]
[EventDate "2019.10.03"]
[EventType "swiss"]
[EventRounds "7"]
[EventCountry "GER"]
[SourceTitle "EXT 2023"]
[Source "ChessBase"]
[SourceDate "2022.10.05"]
[SourceVersion "1"]
[SourceVersionDate "2022.10.05"]
[SourceQuality "1"]

1. e4 c5 2. Bc4 Nc6 3. Nc3 g6 4. Nf3 Bg7 5. 0-0 e6 6. d3 Nge7 7. Bg5 h6 8. Bh4 0-0 9. Re1 d6 10. Qd2 a6 11. a4 Qc7 12. Ne2 Kh7 13. d4 cxd4 14. Nexd4 Nxd4 15. Nxd4 Ng8 16. Bb3 Qb6 17. Rad1 Nf6 18. h3 d5 19. Bxf6 Bxf6 20. e5 Bg7 21. c4 f6 22. a5 Qc5 23. exf6 Rxf6 24. cxd5 exd5 25. Nf3 Bxh3 26. Bxd5 Bg4 27. Bxb7 Rb8 28. Rc1 Qa7 29. Ne5 h5 30. Nxg4 hxg4 31. Be4 Bh6 32. Re3 g3 33. Bf3 gxf2+ 34. Kxf2 Bxe3+ 35. Qxe3 Rxb2+ 0-1

[Event "Niedersachsen-ch op C"]
[Site "Verden"]
[Date "2019.01.04"]
[Round "3"]
[White "Schons, Lucca"]
[Black "Menke, Stefan"]
[Result "1-0"]
[WhiteElo "1061"]
[BlackElo "1284"]
[PlyCount "67"]
[EventDate "2019.01.03"]
[EventType "swiss"]
[EventRounds "7"]
[EventCountry "GER"]
[SourceTitle "EXT 2022"]
[Source "ChessBase"]
[SourceDate "2021.10.06"]
[SourceVersion "1"]
[SourceVersionDate "2021.10.06"]
[SourceQuality "1"]

1. c4 c5 2. g3 e5 3. Bg2 Nf6 4. e3 d5 5. cxd5 Nxd5 6. Ne2 Be6 7. 0-0 Bd6 8. Nbc3 Nxc3 9. bxc3 Nc6 10. Qa4 Bd7 11. Ba3 Nd4 12. Qd1 Nxe2+ 13. Qxe2 Qa5 14. Bxb7 Rb8 15. Qa6 Qb5 16. Qxd6 Qxb7 17. Qxe5+ Kf8 18. Rab1 Qxb1 19. Rxb1 Rxb1+ 20. Kg2 Bc6+ 21. f3 Kg8 22. Qxc5 Bxf3+ 23. Kxf3 h6 24. Qxa7 Rf1+ 25. Ke2 Ra1 26. Bc5 Kh7 27. Qxf7 Rg8 28. h4 Rg1 29. Kf2 Rd1 30. h5 Rxd2+ 31. Kf3 Rd1 32. Qg6+ Kh8 33. Bd4 Ra1 34. Qxh6# 1-0